Dotácie poskytované z rozpočtu obce a finančná kontrola
Reakcia na novelu zákona č. 583/2004 Z.z. o rozpočtových pravidlách územenej samosprávy a o zmene a doplnení niektorých zákonov v znení neskorších predpisov vo veci poskytovateľa dotácií z rozpočtu obce účinnú od 1. júla 2016.
Salvato in:
| Autore principale: | |
|---|---|
| Natura: | Capitolo di libro |
| Lingua: | slovacco |
| Soggetti: | |
| Tags: |
Nessun Tag, puoi essere il primo ad aggiungerne!!
|
MARC
| LEADER | 00000naa a2200000 4500 | ||
|---|---|---|---|
| 001 | 0222534 | ||
| 005 | 20160928095936.2 | ||
| 041 | 0 | |a slo | |
| 044 | |a SK | ||
| 245 | 1 | 0 | |a Dotácie poskytované z rozpočtu obce a finančná kontrola |c Ingrid Konečná Veverková |
| 520 | |a Reakcia na novelu zákona č. 583/2004 Z.z. o rozpočtových pravidlách územenej samosprávy a o zmene a doplnení niektorých zákonov v znení neskorších predpisov vo veci poskytovateľa dotácií z rozpočtu obce účinnú od 1. júla 2016. | ||
| 610 | 2 | 0 | |a rozpočet miestny |
| 610 | 2 | 0 | |a pravidlá rozpočtové |
| 610 | 2 | 0 | |a zákony |
| 610 | 2 | 0 | |a Slovensko |
| 610 | 2 | 0 | |a obce |
| 610 | 2 | 0 | |a dotácie |
| 100 | 1 | |a Konečná Veverková, Ingrid | |